Statistiques concernant Disney. Lettre C

Cliquez ici pour prendre le quiz!

Statistiques générales

  • Ce quiz a été pris 307 fois
  • Le résultat moyen est 15 sur 20

Statistiques - réponses

QuestionRéponses% Correct
La maman de Bambi a été tué par unChasseur
99%
Pays où se passe l'intrigue de MulanChine
99%
Espèce à laquelle appartient DonaldCanard
98%
Partie du corps de Raiponce qui s'illumineCheveux
98%
Lieu où travaille DumboCirque
97%
Petite fée malicieuse et très jalouseClochette
96%
Objet au bout du bras d'un célèbre capitaineCrochet
96%
Partie du corps où se trouve Joie, Tristesse, Dégout et les autresCerveau
94%
Dans le chateau de la Bête, Lumière est un ....Chandelier
91%
Animal que représente Sebastien, l'ami d'ArielCrabe
90%
Espèce animale de Pascal ( Raiponce )Caméléon
88%
Animal qui devient cocher pour le bal de CendrillonCheval
82%
Race de chien à laquelle appartient LadyCocker
68%
Animal qui porte chance à MulanCriquet
65%
Petit poisson rouge, amie de GeppettoCléo
54%
Rang militaire de l'éléphant HatiColonel
54%
Chef Française dont Linguini tombe amoureuxColette
49%
Félicia est uneChatte
37%
Metier de Bernard avant de partir en aventure avec BiancaConcierge
18%
Objet que trimballe toujours Fagin dans " Oliver et Cie "Caddie
5%

Distribution des résultats

Percentile par nombre de réponses

% des personnes avec chaque résultat

Votre développement - résultats

Vous n’avez pas pris ce quiz